<?xml version="1.0" encoding="UTF-8"?>
<record
    xmlns:xsi="http://www.w3.org/2001/XMLSchema-instance"
    xsi:schemaLocation="http://www.loc.gov/MARC21/slim http://www.loc.gov/standards/marcxml/schema/MARC21slim.xsd"
    xmlns="http://www.loc.gov/MARC21/slim">

  <leader>00808nam a2200217 a 4500</leader>
  <controlfield tag="001">1374</controlfield>
  <controlfield tag="003">BR-CuiBMT</controlfield>
  <controlfield tag="005">20231217152643.0</controlfield>
  <controlfield tag="008">231206s2007    dfb          f00| m por d</controlfield>
  <datafield tag="040" ind1=" " ind2=" ">
    <subfield code="a">BR-CuiBMT</subfield>
    <subfield code="c">BR-CuiBMT</subfield>
  </datafield>
  <datafield tag="080" ind1=" " ind2=" ">
    <subfield code="a">82-82</subfield>
    <subfield code="x">(81)</subfield>
    <subfield code="x">(062)</subfield>
    <subfield code="2">2007</subfield>
  </datafield>
  <datafield tag="090" ind1=" " ind2=" ">
    <subfield code="a">82-82(81)(062)</subfield>
    <subfield code="b">M916v</subfield>
  </datafield>
  <datafield tag="111" ind1="2" ind2=" ">
    <subfield code="a">Mostra de talentos do TCU </subfield>
    <subfield code="n">(6. :</subfield>
    <subfield code="d">2007 :</subfield>
    <subfield code="c">Bras&#xED;lia, DF)</subfield>
  </datafield>
  <datafield tag="245" ind1="1" ind2="0">
    <subfield code="a">VI Mostra de Talentos do TCU :</subfield>
    <subfield code="b">colet&#xE2;nea de contos e cr&#xF4;nicas, poesias, ensaios liter&#xE1;rios e romances /</subfield>
    <subfield code="c">TCU.</subfield>
  </datafield>
  <datafield tag="246" ind1="3" ind2="2">
    <subfield code="a">Sexta Mostra de Talentos do TCU</subfield>
  </datafield>
  <datafield tag="260" ind1=" " ind2=" ">
    <subfield code="a">Bras&#xED;lia :</subfield>
    <subfield code="b">TCU, Espa&#xE7;o Cultural Marcantonio Vila&#xE7;a,</subfield>
    <subfield code="c">2007.</subfield>
  </datafield>
  <datafield tag="300" ind1=" " ind2=" ">
    <subfield code="a">276 p. ;</subfield>
    <subfield code="c">21 cm</subfield>
  </datafield>
  <datafield tag="650" ind1=" " ind2=" ">
    <subfield code="a">Colet&#xE2;nea liter&#xE1;ria</subfield>
    <subfield code="x">Eventos</subfield>
    <subfield code="z">Brasil</subfield>
  </datafield>
  <datafield tag="650" ind1=" " ind2=" ">
    <subfield code="a">Colet&#xE2;nea liter&#xE1;ria</subfield>
    <subfield code="x">Tribunais de contas</subfield>
    <subfield code="x">Eventos</subfield>
    <subfield code="z">Brasil</subfield>
  </datafield>
  <datafield tag="942" ind1=" " ind2=" ">
    <subfield code="2">udc</subfield>
    <subfield code="c">LV</subfield>
  </datafield>
  <datafield tag="952" ind1=" " ind2=" ">
    <subfield code="0">0</subfield>
    <subfield code="1">0</subfield>
    <subfield code="2">udc</subfield>
    <subfield code="4">0</subfield>
    <subfield code="7">0</subfield>
    <subfield code="a">BIBTCEMT</subfield>
    <subfield code="b">BIBTCEMT</subfield>
    <subfield code="d">2023-12-06</subfield>
    <subfield code="l">0</subfield>
    <subfield code="o">82-82(81)(062) M916v</subfield>
    <subfield code="p">BIBTCEMT23120254</subfield>
    <subfield code="r">2023-12-06</subfield>
    <subfield code="t">Ex. 1</subfield>
    <subfield code="w">2023-12-06</subfield>
    <subfield code="y">LV</subfield>
  </datafield>
  <datafield tag="999" ind1=" " ind2=" ">
    <subfield code="c">1374</subfield>
    <subfield code="d">1374</subfield>
  </datafield>
</record>
